|
|
|
|
| LEADER |
00000nam a22000007a 4500 |
| 005 |
20120215120553.0 |
| 007 |
cr|||| |||| |
| 008 |
120215s2011 mx |||||s|||| 00||0 spa d |
| 020 |
|
|
|a 978-607-440-268-1
|
| 035 |
|
|
|a 6145
|
| 040 |
|
|
|a vLex
|
| 090 |
|
|
|c 2990
|d 2990
|
| 100 |
1 |
|
|a Přez Chavez, Još
|
| 245 |
1 |
0 |
|a Capacitacin̤ fiscal para ejecutivos no fiscalistas
|h [Recurso electrn̤ico] /
|c Jos ̌Přez Chavez, Eladio Campero Guerrero
|
| 256 |
|
|
|a Servicio en ln̕ea
|
| 260 |
|
|
|a Mx̌ico DF:
|b Tax Editores,
|c 2011
|
| 300 |
|
|
|a 1 recurso electrn̤ico
|
| 506 |
1 |
|
|a Contenido solo disponible en los productos indicados
|d vLex Global
|d vLex Global (Academic Edition, excluding Law Schools)
|d vLex Global (U.S. Academic Edition, Law Schools)
|d vLex Global (U.S. Academic Edition, excluding Law Schools)
|d vLex Global (Academic Edition, Law Schools)
|
| 650 |
0 |
4 |
|a Derecho tributario
|z Mx̌ico
|
| 650 |
0 |
4 |
|a Fiscalidad
|z Mx̌ico
|
| 740 |
0 |
|
|a vLex Libros (Servicio en ln̕ea)
|
| 856 |
4 |
0 |
|u http://vlex.com/source/capacitacion-fiscal-ejecutivos-no-fiscalistas-6145
|z Acceso restringido
|
| 942 |
|
|
|c BOOK
|
| 999 |
0 |
|
|a Taxation
|
| 999 |
0 |
|
|a Taxation - Law and legislation
|